Catalog

Record Details

Catalog Search



Available copies

  • 1 of 1 copy available at LARL/NWRL Consortium.
  • 1 of 1 copy available at Northwest Regional Library. (Show)

Current holds

0 current holds with 1 total copy.

Show Only Available Copies
Location Call Number / Copy Notes Barcode Shelving Location Status Due Date
Thief River Falls Public Library j SID (Text) 35500003238944 Main Available -

Record details

  • ISBN: 0694015822 (pbk.) :
  • Physical Description: 290 p. ; 20 cm.
  • Edition: 1st HarperFestival ed.
  • Publisher: New York : HarperFestival, 2002.

Content descriptions

Summary, etc.:
The Margaret Sidney story in which a fatherless ... Read More
Target Audience Note:
"Ages 8-12"--[4] of cover.
Subject: Family life > Fiction.
New England > Fiction.
LDR 01040nam a2200277Ia 4500
00145554
003LARL_NWRL_CONSORTIUM
00520021118142101.0
008020629s2002 nyu j 000 1 eng d
020 . ‡a0694015822 (pbk.) : ‡c$6.99
035 . ‡a(OCoLC)50091053
099 . ‡aj SID
1001 . ‡aSidney, Margaret, ‡d1844-1924. ‡0(LARL_NWRL_CONSORTIUM)86821
24510. ‡aFive little Peppers and how they grew / ‡cby Margaret Sidney.
250 . ‡a1st HarperFestival ed.
260 . ‡aNew York : ‡bHarperFestival, ‡c2002.
300 . ‡a290 p. ; ‡c20 cm.
4900 . ‡aCharming classics
5211 . ‡a"Ages 8-12"--[4] of cover.
520 . ‡aThe Margaret Sidney story in which a fatherless family, happy in spite of its impoverished condition, is befriended by a very rich gentleman.
650 1. ‡aFamily life ‡vFiction.
651 1. ‡aNew England ‡vFiction. ‡0(LARL_NWRL_CONSORTIUM)166411
901 . ‡a45554 ‡bOCLC ‡c45554 ‡tbiblio

Additional Resources